000 00449nam a2200193Ia 4500
005 20250423100205.0
008 250422s9999 xx 000 0 und d
020 _a9788182812987
050 _aHB 172.5 .J49/
100 _aJhingan, M. L.
245 0 _aMicro economic theory
250 _a12th ed.
260 _aDelhi
260 _bVrinda Publications Ltd.
260 _c2010
300 _a778 p
650 _aMicroeconomics
942 _cBK
999 _c32552
_d32552